Football Teams Iván Helguera Played For - Statistics

General Stats
  • This quiz has been taken 17 times
  • The average score is 3 of 6
Answer Stats
League Years Team % Correct
Spain 1999-2007 Real Madrid
100%
Spain 2007-2008 Valencia CF
67%
Italy 1997-1998 AS Roma
40%
Spain 1998-1999 RCD Espanyol
33%
Spain 1996-1997 CD Manchego
27%
Spain 1997 Albacete Balompié
20%
No matching quizzes found
Score Distribution
Percent of People with Each Score
Percentile by Number Answered
Your Score History
You have not taken this quiz